[Event "ODJM B 2019"]
[Site "Willingen GER"]
[Date "2019.06.12"]
[Round "6"]
[White "Großmann, Piet"]
[Black "Kublanov, Carolin"]
[Result "1-0"]
[Termination "normal"]
[Board "7"]
[WhiteElo "1801"]
[BlackElo "1748"]
[WhiteClock "00:30:40"]
[BlackClock "00:05:35"]
[PlyCount "109"]
[WhiteFideId "16234359"]
[BlackFideId "12944548"]
[EventCountry "GER"]
[EventRounds "9"]
[EventType "swiss"]
[EventDate "2019.06.08"]

1. e4 {[%clk 1:30:58]} 1... g6 {[%clk 1:30:50]} 2. d4 {[%clk 1:31:19]} 2... Bg7
{[%clk 1:31:09]} 3. Nc3 {[%clk 1:31:31]} 3... d6 {[%clk 1:31:01]} 4. f4 { [%clk
1:31:45]} 4... a6 {[%clk 1:30:12]} 5. Nf3 {[%clk 1:31:37]} 5... b5 { [%clk
1:29:06]} 6. Bd3 {[%clk 1:31:09]} 6... Nd7 {[%clk 1:28:46]} 7. Be3 { [%clk
1:30:12]} 7... c5 {[%clk 1:26:22]} 8. dxc5 {[%clk 1:29:48]} 8... Nxc5 { [%clk
1:25:37]} 9. Bxc5 {[%clk 1:28:54]} 9... dxc5 {[%clk 1:24:14]} 10. e5 { [%clk
1:28:32]} 10... Nh6 {[%clk 1:16:50]} 11. Be4 {[%clk 1:25:44]} 11... Qxd1+
{[%clk 1:13:41]} 12. Rxd1 {[%clk 1:26:10]} 12... Ra7 {[%clk 1:12:50]} 13. O-O {
[%clk 1:21:47]} 13... O-O {[%clk 1:12:02]} 14. h3 {[%clk 1:20:33]} 14... Nf5 {
[%clk 1:10:18]} 15. Kf2 {[%clk 1:18:25]} 15... f6 {[%clk 0:57:36]} 16. g4 {
[%clk 1:12:06]} 16... Nd4 {[%clk 0:53:39]} 17. Nxd4 {[%clk 0:41:26]} 17... cxd4
{[%clk 0:53:24]} 18. exf6 {[%clk 0:41:08]} 18... Bxf6 {[%clk 0:46:59]} 19. Nd5
{[%clk 0:40:38]} 19... Bg7 {[%clk 0:43:12]} 20. Kg3 {[%clk 0:39:08]} 20... e6 {
[%clk 0:38:33]} 21. Nb4 {[%clk 0:38:10]} 21... Rc7 {[%clk 0:35:02]} 22. Rf2 {
[%clk 0:22:11]} 22... Kh8 {[%clk 0:24:41]} 23. Nd3 {[%clk 0:21:37]} 23... Rcf7
{[%clk 0:15:11]} 24. Rdd2 {[%clk 0:19:46]} 24... Rc7 {[%clk 0:13:07]} 25. Rde2
{[%clk 0:17:20]} 25... a5 {[%clk 0:09:25]} 26. Ne5 {[%clk 0:15:58]} 26... g5 {
[%clk 0:08:11]} 27. Nd3 {[%clk 0:15:46]} 27... gxf4+ {[%clk 0:07:44]} 28. Rxf4
{[%clk 0:15:55]} 28... Rxf4 {[%clk 0:07:51]} 29. Kxf4 {[%clk 0:14:56]} 29...
Rf7+ {[%clk 0:06:22]} 30. Kg3 {[%clk 0:14:16]} 30... Rf1 {[%clk 0:02:31]} 31.
Kg2 {[%clk 0:13:36]} 31... Rf7 {[%clk 0:02:30]} 32. Rf2 {[%clk 0:13:28]} 32...
Rxf2+ {[%clk 0:02:25]} 33. Kxf2 {[%clk 0:13:54]} 33... h6 {[%clk 0:01:28]} 34.
a3 {[%clk 0:13:13]} 34... Kg8 {[%clk 0:01:32]} 35. Bc6 {[%clk 0:12:08]} 35...
Ba6 {[%clk 0:01:24]} 36. Nc5 {[%clk 0:12:08]} 36... Bc8 {[%clk 0:01:38]} 37.
Bxb5 {[%clk 0:12:20]} 37... Kf8 {[%clk 0:01:24]} 38. Bd3 {[%clk 0:11:54]} 38...
Ke7 {[%clk 0:01:27]} 39. Nb3 {[%clk 0:11:26]} 39... a4 {[%clk 0:01:18]} 40. Nc5
{[%clk 0:11:50]} 40... Bd7 {[%clk 0:01:15]} 41. Nxd7 {[%clk 0:09:22]} 41...
Kxd7 {[%clk 0:29:51]} 42. Kf3 {[%clk 0:35:26]} 42... Kd6 {[%clk 0:29:39]} 43.
Ke4 {[%clk 0:35:44]} 43... Kc5 {[%clk 0:28:37]} 44. b4+ {[%clk 0:34:26]} 44...
axb3 {[%clk 0:28:06]} 45. cxb3 {[%clk 0:34:39]} 45... Bf6 {[%clk 0:24:28]} 46.
b4+ {[%clk 0:33:39]} 46... Kd6 {[%clk 0:20:20]} 47. a4 {[%clk 0:32:21]} 47...
e5 {[%clk 0:12:06]} 48. a5 {[%clk 0:30:19]} 48... Bd8 {[%clk 0:10:33]} 49. a6 {
[%clk 0:29:40]} 49... Bb6 {[%clk 0:10:37]} 50. h4 {[%clk 0:29:19]} 50... Ke6 {
[%clk 0:08:04]} 51. g5 {[%clk 0:29:20]} 51... hxg5 {[%clk 0:07:11]} 52. hxg5 {
[%clk 0:29:45]} 52... Ba7 {[%clk 0:06:52]} 53. b5 {[%clk 0:29:58]} 53... Bb6 {
[%clk 0:05:34]} 54. g6 {[%clk 0:30:15]} 54... Kf6 {[%clk 0:05:35]} 55. Kd5 {
[%clk 0:30:40]} 1-0

[Event "ODJM B 2019"]
[Site "Willingen GER"]
[Date "2019.06.12"]
[Round "6"]
[White "Plum, Paul"]
[Black "Thumm, Felix"]
[Result "0-1"]
[Termination "normal"]
[Board "9"]
[WhiteElo "1717"]
[BlackElo "1836"]
[PlyCount "126"]
[WhiteFideId "16225678"]
[BlackFideId "12902209"]
[EventCountry "GER"]
[EventRounds "9"]
[EventType "swiss"]
[EventDate "2019.06.08"]

1. e4 c5 2. Nc3 e6 3. g3 a6 4. Bg2 Qc7 5. Nge2 Nc6 6. d3 b5 7. Bf4 Qb6 8. Qd2
Bb7 9. Be3 Nf6 10. h3 Nd4 11. O-O Rd8 12. f4 b4 13. Nd1 Be7 14. c3 Nxe2+ 15.
Qxe2 Qb5 16. c4 Qb6 17. Re1 d5 18. cxd5 exd5 19. e5 Nd7 20. Nf2 O-O 21. Bd2
Rfe8 22. f5 Bf6 23. Bf4 Bxe5 24. Qg4 Nf6 25. Qh4 Bxb2 26. Rab1 Bd4 27. g4 Qa5
28. g5 Rxe1+ 29. Rxe1 b3 30. Rf1 bxa2 31. gxf6 Bxf6 32. Bg5 a1=Q 33. Rxa1 Qxa1+
34. Kh2 Qe5+ 35. Bf4 Bxh4 36. Bxe5 Bxf2 37. f6 Bd4 38. Bc7 Re8 39. fxg7 Be5+
40. Bxe5 Rxe5 41. h4 Re2 42. Kg3 Rxg2+ 43. Kxg2 Kxg7 44. h5 Kh6 45. Kf2 Kxh5
46. Kg3 c4 47. Kf2 cxd3 48. Ke3 Kg4 49. Kxd3 h5 50. Ke2 h4 51. Kf2 d4 52. Kg1
Kg3 53. Kf1 h3 54. Ke2 h2 55. Kd3 h1=Q 56. Kxd4 Qd5+ 57. Kc3 Kf3 58. Kb4 Qc6
59. Ka3 Qb5 60. Ka2 Ke3 61. Ka3 Kd3 62. Ka2 Kc2 63. Ka3 Qb3# 0-1

[Event "ODJM B 2019"]
[Site "Willingen GER"]
[Date "2019.06.12"]
[Round "6"]
[White "Francois, Yannick"]
[Black "Schilay, Eva"]
[Result "1/2-1/2"]
[Termination "normal"]
[Board "10"]
[WhiteElo "1643"]
[BlackElo "1628"]
[PlyCount "110"]
[WhiteFideId "16200918"]
[BlackFideId "12930164"]
[EventCountry "GER"]
[EventRounds "9"]
[EventType "swiss"]
[EventDate "2019.06.08"]

1. e4 d6 2. d4 Nf6 3. Bd3 e5 4. c3 Be7 5. Nf3 Nbd7 6. O-O O-O 7. Re1 c6 8. Nbd2
Qc7 9. Nf1 Re8 10. Ng3 Bf8 11. Qc2 b6 12. Bd2 Bb7 13. Rad1 c5 14. dxe5 dxe5 15.
Bg5 c4 16. Bf1 b5 17. h3 h6 18. Be3 a5 19. a3 a4 20. Rd2 Bc5 21. Bxc5 Nxc5 22.
Rdd1 Bc6 23. Nh2 Qb7 24. f3 Nb3 25. Kh1 Qc7 26. Ng4 Nxg4 27. hxg4 g6 28. Kg1
Qb6+ 29. Qf2 Qxf2+ 30. Kxf2 Rad8 31. Be2 Kg7 32. Rxd8 Rxd8 33. Nf1 Nc5 34. Ke3
Rd6 35. Nd2 Bd7 36. Rd1 f5 37. gxf5 gxf5 38. g3 Rg6 39. Rg1 f4+ 40. Kf2 fxg3+
41. Rxg3 Rxg3 42. Kxg3 Ne6 43. Nf1 Nf4 44. Kf2 h5 45. Nh2 h4 46. Bf1 Kg6 47.
Ke3 Kg5 48. Kf2 Be6 49. Ke3 h3 50. Kf2 Kh4 51. Be2 Nh5 52. Nf1 Bd7 53. Bd1 Kg5
54. Bc2 Kf4 55. Bb1 Be6 1/2-1/2

[Event "ODJM B 2019"]
[Site "Willingen GER"]
[Date "2019.06.12"]
[Round "6"]
[White "Alhamid, Mohamad"]
[Black "Seitz, Manuel"]
[Result "1/2-1/2"]
[Termination "normal"]
[Board "12"]
[WhiteElo "1672"]
[BlackElo "1710"]
[PlyCount "116"]
[WhiteFideId "16235665"]
[BlackFideId "16215770"]
[EventCountry "GER"]
[EventRounds "9"]
[EventType "swiss"]
[EventDate "2019.06.08"]

1. e4 e5 2. Nf3 Nc6 3. Bc4 Bc5 4. c3 Nf6 5. d4 exd4 6. cxd4 Bb4+ 7. Bd2 Bxd2+
8. Nbxd2 d6 9. O-O O-O 10. a3 Bg4 11. Re1 Nxd4 12. h3 Bh5 13. g4 Nxf3+ 14. Qxf3
Bg6 15. Qb3 Rb8 16. f4 h6 17. f5 Bh7 18. Qg3 Nd7 19. h4 Ne5 20. Ba2 g6 21. g5
h5 22. Rad1 gxf5 23. g6 Nxg6 24. exf5 Qxh4 25. Re3 Kg7 26. fxg6 Qxg3+ 27. Rxg3
fxg6 28. Nf3 Rbe8 29. Ng5 Bg8 30. Bb1 Re2 31. b4 Rfe8 32. Nf3 Bf7 33. Rf1 R8e3
34. a4 a6 35. Rg5 Rb2 36. Nd4 Kh6 37. Rg2 Rxg2+ 38. Kxg2 Bc4 39. Rf6 Bd3 40.
Kf2 Rh3 41. Kg2 Re3 42. Bxd3 Rxd3 43. Ne6 Rb3 44. Rf4 Rc3 45. Nd8 b6 46. Ne6 d5
47. Rf8 g5 48. Rf6+ Kh7 49. Nxg5+ Kg7 50. Rf5 Kg6 51. Rxd5 Rc4 52. Ne6 Kf6 53.
Nxc7 Rxc7 54. Rd6+ Ke5 55. Rxb6 Ra7 56. Rh6 Kd5 57. Rxh5+ Kc4 58. Rh4+ Kb3
1/2-1/2

[Event "ODJM B 2019"]
[Site "Willingen GER"]
[Date "2019.06.12"]
[Round "6"]
[White "Dartmann Aubanell, Catriona"]
[Black "Schneider, Anna"]
[Result "1-0"]
[Termination "normal"]
[Board "13"]
[WhiteElo "1728"]
[BlackElo "1589"]
[PlyCount "120"]
[WhiteFideId "24585270"]
[BlackFideId "16200527"]
[EventCountry "GER"]
[EventRounds "9"]
[EventType "swiss"]
[EventDate "2019.06.08"]

1. e4 e5 2. Nf3 Nc6 3. Bb5 a6 4. Ba4 Nf6 5. d3 b5 6. Bb3 Bc5 7. O-O d6 8. c3
Be6 9. Bc2 O-O 10. Nbd2 Ne7 11. h3 Ng6 12. Re1 Bb6 13. Nf1 h6 14. Ng3 Qd7 15.
d4 exd4 16. cxd4 c6 17. Be3 Ba7 18. a4 Rfd8 19. Qd2 Qb7 20. Nf5 Bxf5 21. exf5
Ne7 22. Qe2 Ned5 23. Nh2 Re8 24. Qd1 c5 25. Ng4 cxd4 26. Nxf6+ Nxf6 27. Bf4 Qb6
28. Qf3 Qc5 29. Bd3 bxa4 30. Rxe8+ Rxe8 31. Rxa4 a5 32. Qb7 Nd5 33. Rc4 Qb6 34.
Qxb6 Bxb6 35. Bxd6 Rd8 36. Rc6 Ba7 37. Kf1 Nb4 38. Bxb4 axb4 39. Rc7 Bb6 40.
Rc4 Ba5 41. f3 Kf8 42. Ke2 Ke7 43. Be4 Kf6 44. Rc5 Ra8 45. Bxa8 Bd8 46. Kd3 Be7
47. Rb5 g6 48. fxg6 fxg6 49. Kxd4 g5 50. Rb6+ Kg7 51. Ke4 h5 52. Kf5 h4 53. Rb7
Kf8 54. Rxe7 Kxe7 55. Bd5 Kd6 56. Bc4 Kc5 57. b3 Kd4 58. Kxg5 Ke3 59. Kxh4 Kf2
60. f4 Kxg2 1-0

[Event "ODJM B 2019"]
[Site "Willingen GER"]
[Date "2019.06.12"]
[Round "6"]
[White "Brügmann, Kai"]
[Black "von der Weyden, Louis"]
[Result "0-1"]
[Termination "normal"]
[Board "14"]
[WhiteElo "1555"]
[BlackElo "1564"]
[PlyCount "68"]
[WhiteFideId "16287460"]
[BlackFideId "16207050"]
[EventCountry "GER"]
[EventRounds "9"]
[EventType "swiss"]
[EventDate "2019.06.08"]

1. e4 e5 2. Nf3 Nc6 3. Bc4 Bc5 4. c3 Nf6 5. d3 h6 6. O-O O-O 7. Nbd2 d6 8. Re1
Re8 9. h3 Bd7 10. a4 a5 11. Nf1 Qc8 12. Ng3 Bb6 13. d4 Rb8 14. Qb3 Rf8 15. Nh4
Ne7 16. dxe5 dxe5 17. Be3 Bxe3 18. Rxe3 Qe8 19. Bb5 Kh7 20. Rd1 Nc8 21. Bxd7
Nxd7 22. Qb5 Nd6 23. Qe2 Nc5 24. Qg4 Qxa4 25. Ngf5 Nxf5 26. Nxf5 Ne6 27. Rg3
Rg8 28. Qh5 Qe8 29. Rd5 f6 30. Qh4 b6 31. Rg4 Qf7 32. Rd3 Nf4 33. Rf3 h5 34. g3
g5 0-1

[Event "ODJM B 2019"]
[Site "Willingen GER"]
[Date "2019.06.12"]
[Round "6"]
[White "Diegel, Jonas"]
[Black "Zell, Mirjam"]
[Result "1-0"]
[Termination "normal"]
[Board "15"]
[WhiteElo "1787"]
[BlackElo "1660"]
[PlyCount "127"]
[WhiteFideId "16206061"]
[BlackFideId "16208544"]
[EventCountry "GER"]
[EventRounds "9"]
[EventType "swiss"]
[EventDate "2019.06.08"]

1. d4 f5 2. c4 Nf6 3. Nc3 d6 4. Nf3 g6 5. e3 Bg7 6. Bd3 c6 7. O-O O-O 8. Qc2
Qe8 9. b3 e5 10. dxe5 dxe5 11. e4 f4 12. Ba3 Rf7 13. c5 Kh8 14. Bc4 Rf8 15.
Rad1 Nh5 16. Rd3 Be6 17. Bxe6 Qxe6 18. Rd6 Qe7 19. Rfd1 Nf6 20. Na4 Na6 21. Qd3
Rfe8 22. Nb2 Bf8 23. Qc4 Qg7 24. Ng5 Re7 25. Rd8 Rxd8 26. Rxd8 Nc7 27. Nd3 Qg8
28. Nxe5 Qxc4 29. Nxc4 Kg8 30. f3 Rd7 31. Rxd7 Nxd7 32. b4 h6 33. Nh3 g5 34.
Na5 b6 35. cxb6 Nxb6 36. Nxc6 Nc4 37. Bc1 Nb5 38. Nf2 Nc3 39. Nd3 Nxa2 40. g3
Nxc1 41. Nxc1 fxg3 42. hxg3 Kf7 43. Nd3 a6 44. Kf2 Bd6 45. e5 Bc7 46. f4 a5 47.
bxa5 Nxa5 48. Nxa5 Bxa5 49. f5 h5 50. Kf3 Bd8 51. Ke4 Bc7 52. Ne1 h4 53. gxh4
gxh4 54. Nf3 Bd8 55. Kf4 Kg7 56. Kg4 Kf7 57. Nxh4 Kg7 58. Ng2 Bc7 59. f6+ Kf7
60. Kf5 Bd8 61. e6+ Kf8 62. Nf4 Ke8 63. Ng6 Be7 64. Nxe7 1-0

[Event "ODJM B 2019"]
[Site "Willingen GER"]
[Date "2019.06.12"]
[Round "6"]
[White "Zimmer, Luca"]
[Black "Reyher, Susan"]
[Result "1-0"]
[Termination "normal"]
[Board "16"]
[WhiteElo "1676"]
[BlackElo "1714"]
[PlyCount "89"]
[WhiteFideId "12921424"]
[BlackFideId "24686107"]
[EventCountry "GER"]
[EventRounds "9"]
[EventType "swiss"]
[EventDate "2019.06.08"]

1. e4 e5 2. Nf3 Nc6 3. Bc4 Bc5 4. O-O Nf6 5. d4 Bxd4 6. Nxd4 Nxd4 7. f4 d6 8.
fxe5 dxe5 9. Bg5 Qe7 10. Na3 Be6 11. c3 Bxc4 12. Nxc4 Ne6 13. Bxf6 gxf6 14. Ne3
c6 15. Kh1 Rd8 16. Qe1 Nc5 17. Nf5 Qf8 18. Qh4 Nd7 19. Rad1 Qg8 20. Rd3 Qg5 21.
Qxg5 fxg5 22. Rfd1 b6 23. Nd6+ Ke7 24. Nb7 Nc5 25. Rxd8 Rxd8 26. Nxd8 Nxe4 27.
Kg1 a5 28. Nxc6+ Ke6 29. g4 Nf6 30. h3 h5 31. Re1 e4 32. gxh5 Nxh5 33. Rxe4+
Kd5 34. Re5+ Kxc6 35. Rxg5 Nf4 36. Kh2 Nd5 37. Rf5 f6 38. c4 Nb4 39. a3 Nd3 40.
Rxf6+ Kc5 41. b3 Nc1 42. Rf3 a4 43. bxa4 Kxc4 44. h4 Nd3 45. Rxd3 1-0

[Event "ODJM B 2019"]
[Site "Willingen GER"]
[Date "2019.06.12"]
[Round "6"]
[White "ter Stal, Lars"]
[Black "Petrosyan, Tigran"]
[Result "1/2-1/2"]
[Termination "normal"]
[Board "17"]
[WhiteElo "1732"]
[BlackElo "1603"]
[PlyCount "63"]
[WhiteFideId "12965200"]
[BlackFideId "12962783"]
[EventCountry "GER"]
[EventRounds "9"]
[EventType "swiss"]
[EventDate "2019.06.08"]

1. d4 c6 2. Nc3 d5 3. Bf4 Nf6 4. e3 Bf5 5. f3 e6 6. g4 Bg6 7. h4 h6 8. Bd3 Bxd3
9. Qxd3 Bb4 10. Nge2 Nbd7 11. O-O-O Nb6 12. Ng3 Bd6 13. g5 Bxf4 14. exf4 Nfd7
15. f5 Qc7 16. fxe6 Qf4+ 17. Kb1 fxe6 18. Nce2 Qf7 19. g6 Qe7 20. Nf4 O-O-O 21.
Rde1 Nf8 22. h5 Qf6 23. Nge2 e5 24. dxe5 Qxe5 25. Qa3 Nc4 26. Qc3 Qxc3 27. Nxc3
Nd2+ 28. Kc1 Nxf3 29. Re7 Rd7 30. Re8+ Rd8 31. Re7 Rd7 32. Re8+ 1/2-1/2

[Event "ODJM B 2019"]
[Site "Willingen GER"]
[Date "2019.06.12"]
[Round "6"]
[White "Thorz, Maximilian"]
[Black "Thumm, Niklas"]
[Result "1/2-1/2"]
[Termination "normal"]
[Board "18"]
[WhiteElo "1677"]
[BlackElo "1732"]
[PlyCount "79"]
[WhiteFideId "16220668"]
[BlackFideId "12918733"]
[EventCountry "GER"]
[EventRounds "9"]
[EventType "swiss"]
[EventDate "2019.06.08"]

1. d4 Nf6 2. c4 e6 3. Nc3 Bb4 4. Bg5 Bxc3+ 5. bxc3 h6 6. Bh4 c5 7. Nf3 Nc6 8.
d5 Ne7 9. Bxf6 gxf6 10. e4 d6 11. Bd3 e5 12. Qc2 Rg8 13. g3 Ng6 14. Rb1 b6 15.
Nd2 h5 16. f3 Qd7 17. Kf2 Ne7 18. Bf1 Qd8 19. Bd3 Bh3 20. Bf1 Qd7 21. Bxh3 Qxh3
22. Qa4+ Qd7 23. Qxd7+ Kxd7 24. h3 f5 25. exf5 Nxf5 26. Ne4 Ke7 27. g4 Nh4 28.
a4 hxg4 29. hxg4 Ng6 30. Ng3 Rh8 31. Nf5+ Kd7 32. Kg3 Nf4 33. Kf2 Ng6 34. Nh6
Raf8 35. Nf5 Kc7 36. Ng7 Nf4 37. Nh5 Ng6 38. Ng7 Nf4 39. Nh5 Ng6 40. Ng7
1/2-1/2

[Event "ODJM B 2019"]
[Site "Willingen GER"]
[Date "2019.06.12"]
[Round "6"]
[White "Laag, Pascal"]
[Black "Puls, Luisa"]
[Result "1-0"]
[Termination "normal"]
[Board "19"]
[WhiteElo "1699"]
[BlackElo "1465"]
[PlyCount "35"]
[WhiteFideId "16256069"]
[BlackFideId "16266005"]
[EventCountry "GER"]
[EventRounds "9"]
[EventType "swiss"]
[EventDate "2019.06.08"]

1. e4 c5 2. Nf3 d6 3. d4 cxd4 4. Nxd4 Nf6 5. Nc3 g6 6. Be3 Bg7 7. f3 O-O 8. Qd2
Nc6 9. O-O-O Bd7 10. g4 Rb8 11. h4 Nxd4 12. Bxd4 b5 13. h5 b4 14. Nd5 Qa5 15.
Bc4 Nxd5 16. Bxg7 Nc3 17. hxg6 b3 18. Bxc3 1-0

[Event "ODJM B 2019"]
[Site "Willingen GER"]
[Date "2019.06.12"]
[Round "6"]
[White "Kovac, Linda"]
[Black "Götz, Timon"]
[Result "0-1"]
[Termination "normal"]
[Board "20"]
[WhiteElo "1718"]
[BlackElo "1408"]
[PlyCount "76"]
[WhiteFideId "12938815"]
[BlackFideId "16245040"]
[EventCountry "GER"]
[EventRounds "9"]
[EventType "swiss"]
[EventDate "2019.06.08"]

1. d4 Nf6 2. Nf3 g6 3. c4 c5 4. d5 b5 5. cxb5 a6 6. Nc3 d6 7. e4 Nbd7 8. Bf4
Bg7 9. Bd3 axb5 10. Nxb5 Ba6 11. Qe2 O-O 12. O-O Qb6 13. a4 Ng4 14. Nd2 Nge5
15. Nc4 Nxc4 16. Bxc4 Ne5 17. Bxe5 Bxe5 18. f4 Bd4+ 19. Kh1 f6 20. f5 Kg7 21.
h4 h5 22. fxg6 Kxg6 23. g4 Rg8 24. Rf5 Bc8 25. Rxh5 Bd7 26. Bd3 Bxb5 27. Bxb5
c4 28. Rf1 Rh8 29. Rff5 Rag8 30. Rxh8 Rxh8 31. Rh5 Kg7 32. Rxh8 Kxh8 33. g5
fxg5 34. Qh5+ Kg8 35. Qg6+ Bg7 36. Bd7 Qf2 37. Be6+ Kf8 38. hxg5 Qf1+ 0-1

[Event "ODJM B 2019"]
[Site "Willingen GER"]
[Date "2019.06.12"]
[Round "6"]
[White "Rempe, Janne"]
[Black "Ebeling, Gereon"]
[Result "0-1"]
[Termination "normal"]
[Board "21"]
[WhiteElo "1720"]
[BlackElo "1588"]
[PlyCount "122"]
[WhiteFideId "16202392"]
[BlackFideId "16223160"]
[EventCountry "GER"]
[EventRounds "9"]
[EventType "swiss"]
[EventDate "2019.06.08"]

1. d4 d5 2. Nf3 Nf6 3. Bf4 c5 4. e3 Nc6 5. c3 e6 6. Nbd2 Bd6 7. Bg3 Qe7 8. Be2
O-O 9. O-O Bd7 10. Ne5 b6 11. f4 Qd8 12. b3 Ne7 13. Bh4 Ne8 14. Bd3 f5 15. Rf3
Nf6 16. Rh3 Be8 17. g4 Bxe5 18. dxe5 Nxg4 19. Rg3 Qd7 20. h3 Nh6 21. Bg5 Nf7
22. Bb5 Qc7 23. Bxe8 Raxe8 24. Bf6 Ng6 25. h4 Nh6 26. h5 gxf6 27. hxg6 Ng4 28.
Kg2 hxg6 29. Rh3 Re7 30. Qf3 Rh7 31. Rah1 Rff7 32. exf6 Nxf6 33. Qg3 Ng4 34.
Nf3 Rxh3 35. Rxh3 Rh7 36. Ng5 Rxh3 37. Qxh3 Qe7 38. a4 e5 39. Qf3 e4 40. Qe2
Qg7 41. Qd2 Qd7 42. c4 d4 43. exd4 Qxd4 44. Qe1 Qb2+ 45. Kf1 Qh2 46. Ne6 Qh1+
47. Ke2 Qxe1+ 48. Kxe1 Nf6 49. Ke2 Nh7 50. Nd8 Kg7 51. Nc6 a6 52. Ne5 Nf6 53.
Nc6 Nd7 54. a5 Kf6 55. axb6 Nxb6 56. Nb8 a5 57. Nc6 a4 58. bxa4 Nxa4 59. Ne5
Nb6 60. Ke3 g5 61. Nc6 Nxc4+ 0-1

[Event "ODJM B 2019"]
[Site "Willingen GER"]
[Date "2019.06.12"]
[Round "6"]
[White "de Veer, Mara"]
[Black "Bilecen, Simon"]
[Result "0-1"]
[Termination "normal"]
[Board "23"]
[WhiteElo "1379"]
[BlackElo "1669"]
[PlyCount "116"]
[WhiteFideId "16217349"]
[BlackFideId "16225511"]
[EventCountry "GER"]
[EventRounds "9"]
[EventType "swiss"]
[EventDate "2019.06.08"]

1. e4 c5 2. d3 g6 3. g3 Bg7 4. Bg2 Nc6 5. Ne2 Nf6 6. O-O d6 7. h3 O-O 8. Be3
Qb6 9. Nbc3 Qxb2 10. Rb1 Qa3 11. Qc1 Qxc1 12. Rfxc1 Rb8 13. Nd5 e6 14. Nxf6+
Bxf6 15. c3 Ne5 16. d4 Nc4 17. Bh6 Rd8 18. Rd1 b6 19. dxc5 dxc5 20. Rxd8+ Bxd8
21. Rd1 Bf6 22. Bf1 Ne5 23. f4 Nc6 24. e5 Bg7 25. Bxg7 Kxg7 26. Bg2 Bb7 27. Rd7
Na5 28. Nc1 Bxg2 29. Kxg2 Rb7 30. Rxb7 Nxb7 31. Nb3 Kf8 32. Kf3 Ke7 33. Ke3 b5
34. Ke4 a5 35. a3 Kd7 36. g4 a4 37. Nd2 Na5 38. Nb1 Nc4 39. Kd3 Kc6 40. h4 Kd5
41. g5 Kc6 42. Ke4 Kb6 43. Kd3 Kc7 44. Ke2 Kc6 45. Kd3 Kd5 46. Nd2 Nxd2 47.
Kxd2 Kc4 48. Kc2 b4 49. axb4 cxb4 50. cxb4 Kxb4 51. Kb2 Kc4 52. Ka3 Kd4 53.
Kxa4 Ke4 54. Kb5 Kxf4 55. Kc6 Kxe5 56. Kd7 f5 57. gxf6 Kxf6 58. Kd6 h6 0-1

[Event "ODJM B 2019"]
[Site "Willingen GER"]
[Date "2019.06.12"]
[Round "6"]
[White "Chromey, Tamir"]
[Black "Naumenko, Valerija"]
[Result "1/2-1/2"]
[Termination "normal"]
[Board "24"]
[WhiteElo "1627"]
[BlackElo "1606"]
[PlyCount "68"]
[WhiteFideId "16287479"]
[BlackFideId "16222890"]
[EventCountry "GER"]
[EventRounds "9"]
[EventType "swiss"]
[EventDate "2019.06.08"]

1. e4 e5 2. Nf3 Nc6 3. Bb5 a6 4. Ba4 Nf6 5. d3 b5 6. Bb3 Be7 7. c3 d6 8. Nbd2
Na5 9. Bc2 c5 10. Nf1 h6 11. Ng3 O-O 12. O-O Bd7 13. Re1 Nc6 14. Be3 b4 15. d4
Qc7 16. d5 Na5 17. cxb4 cxb4 18. Rc1 Qb8 19. b3 Nb7 20. Nd2 Rc8 21. Nc4 Nc5 22.
f3 a5 23. Nf1 Bb5 24. Nfd2 Nfd7 25. Qe2 a4 26. Ra1 Ra6 27. Reb1 axb3 28. axb3
Qa7 29. Qd1 Ra8 30. Rxa6 Qxa6 31. g3 Qa2 32. Rb2 Qa1 33. Qxa1 Rxa1+ 34. Kg2 Ra8
1/2-1/2

[Event "ODJM B 2019"]
[Site "Willingen GER"]
[Date "2019.06.12"]
[Round "6"]
[White "Esefelder, Richard"]
[Black "Niemann, Leon Pascal"]
[Result "1-0"]
[Termination "normal"]
[Board "25"]
[WhiteElo "1627"]
[BlackElo "1702"]
[PlyCount "63"]
[WhiteFideId "16287487"]
[BlackFideId "16218388"]
[EventCountry "GER"]
[EventRounds "9"]
[EventType "swiss"]
[EventDate "2019.06.08"]

1. e4 c5 2. d4 cxd4 3. Qxd4 Nc6 4. Qd1 Nf6 5. Nc3 e6 6. Nf3 Bb4 7. Bg5 h6 8.
Bxf6 Qxf6 9. Qd3 O-O 10. Be2 Bxc3+ 11. bxc3 b6 12. O-O Ne5 13. Qd4 Nxf3+ 14.
Bxf3 e5 15. Qd5 Ba6 16. Rfd1 Rfd8 17. Qb3 Qe6 18. h3 Qc4 19. Rd2 Rac8 20. Rad1
Qxb3 21. cxb3 Rxc3 22. Rxd7 Rxd7 23. Rxd7 Rc2 24. Rxa7 Rxa2 25. Bg4 Ra5 26. b4
Ra4 27. Bd7 b5 28. Kf1 g6 29. Ke2 Kg7 30. Kd3 Bc8 31. Rxa4 bxa4 32. Bxc8 1-0

[Event "ODJM B 2019"]
[Site "Willingen GER"]
[Date "2019.06.12"]
[Round "6"]
[White "Lohrmann, Tabea"]
[Black "Glöckl, Simon"]
[Result "1/2-1/2"]
[Termination "normal"]
[Board "26"]
[WhiteElo "1549"]
[BlackElo "1586"]
[PlyCount "44"]
[WhiteFideId "12911941"]
[BlackFideId "16266072"]
[EventCountry "GER"]
[EventRounds "9"]
[EventType "swiss"]
[EventDate "2019.06.08"]

1. e4 d6 2. d4 Nf6 3. f3 e5 4. Ne2 Nbd7 5. Be3 Be7 6. Nbc3 c6 7. Qd2 b5 8. d5
Bb7 9. dxc6 Bxc6 10. Ng3 a6 11. Nf5 O-O 12. Nxd6 Bxd6 13. Qxd6 Rc8 14. a4 Ne8
15. Qd2 b4 16. Nd5 Bxd5 17. exd5 a5 18. Bb5 Nd6 19. Ba6 Rb8 20. c4 Nxc4 21.
Bxc4 Qh4+ 22. g3 Qxc4 1/2-1/2

[Event "ODJM B 2019"]
[Site "Willingen GER"]
[Date "2019.06.12"]
[Round "6"]
[White "Aumüller, Naum"]
[Black "Garbuz, Nicole"]
[Result "0-1"]
[Termination "normal"]
[Board "27"]
[WhiteElo "1685"]
[BlackElo "1650"]
[PlyCount "48"]
[WhiteFideId "16263960"]
[BlackFideId "12990701"]
[EventCountry "GER"]
[EventRounds "9"]
[EventType "swiss"]
[EventDate "2019.06.08"]

1. e4 e5 2. Nf3 Nc6 3. Bc4 Nf6 4. d3 Bc5 5. O-O h6 6. c3 d6 7. h3 g5 8. Nxg5
hxg5 9. Bxg5 Rg8 10. h4 Qe7 11. Kh1 Bd7 12. f4 O-O-O 13. fxe5 Rxg5 14. exf6 Rh8
15. Qe1 Rg4 16. g3 Qe5 17. Kg2 Rhxh4 18. Nd2 Rxg3+ 19. Qxg3 Rg4 20. Qxg4 Bxg4
21. Bxf7 Qg5 22. Nf3 Bxf3+ 23. Kxf3 Ne5+ 24. Ke2 Qg2+ 0-1

[Event "ODJM B 2019"]
[Site "Willingen GER"]
[Date "2019.06.12"]
[Round "6"]
[White "Fricke, Janek Konrad"]
[Black "Sperling, Niclas"]
[Result "1/2-1/2"]
[Termination "normal"]
[Board "28"]
[WhiteElo "1561"]
[BlackElo "1720"]
[PlyCount "113"]
[WhiteFideId "12997471"]
[BlackFideId "16204000"]
[EventCountry "GER"]
[EventRounds "9"]
[EventType "swiss"]
[EventDate "2019.06.08"]

1. e4 c5 2. d4 cxd4 3. c3 d5 4. exd5 Qxd5 5. cxd4 Nc6 6. Nf3 e5 7. Nc3 Bb4 8.
Bd2 Bxc3 9. Bxc3 e4 10. Ne5 Nxe5 11. dxe5 Qc6 12. Be2 Be6 13. O-O Ne7 14. Rc1
Nd5 15. Ba5 Qd7 16. Bc4 O-O 17. Qe2 f5 18. exf6 Nxf6 19. Bc3 Bxc4 20. Qxc4+ Qd5
21. Bxf6 Qxc4 22. Rxc4 Rxf6 23. Rxe4 Raf8 24. Re7 Rb6 25. Rb1 Rc8 26. Re2 Rc5
27. Rd1 Kf7 28. f3 Rcb5 29. Rdd2 Kf6 30. Kf2 g5 31. g3 h5 32. b3 Ra6 33. Rd7
Kf5 34. Rf7+ Kg6 35. Rd7 Kf5 36. h3 Rba5 37. g4+ hxg4 38. hxg4+ Kf6 39. Rxb7
Rxa2 40. Rxa2 Rxa2+ 41. Ke3 Ra1 42. Rb4 Re1+ 43. Kf2 Rb1 44. Rb7 Ke5 45. Rb4
Kf6 46. Rb5 Kg6 47. b4 Kf6 48. Rf5+ Kg6 49. b5 a6 50. bxa6 Ra1 51. Ke3 Rxa6 52.
Rd5 Re6+ 53. Kd4 Rf6 54. Ke4 Rf4+ 55. Ke3 Kh6 56. Rf5 Ra4 57. Rf6+ 1/2-1/2